| 000 | 00548nam a2200193Ia 4500 | ||
|---|---|---|---|
| 003 | LK-CoDNM | ||
| 008 | 010623t2009 xxu||||| |||| 00| 1 sin d | ||
| 040 |
_aLK-CoDNM _dLK-CoDNM _eLK-CoDNM |
||
| 041 | _asin | ||
| 080 | _a133.52 WIL | ||
| 100 | _aWilliam,R.H. | ||
| 245 | _aකේන්දර බලන හැටි-12,මීන ලග්නය | ||
| 246 | _aKendara Balana Heti-12 : Meena Lagnaya | ||
| 260 |
_bGunasena _aColombo _c2009 |
||
| 300 | _b78p., 21 cm | ||
| 500 | _aKendara Balana HetiNo.12 | ||
| 650 | _aAstrology | ||
| 942 | _cBK | ||
| 999 |
_c128598 _d128598 |
||